Política nacional para la gestión integral del recurso hídrico / (Registro nro. 7593)

Detalles MARC
000 -CABECERA
Campo de control 00906nam a22002297a 4500
005 - FECHA Y HORA DE LA ULTIMA TRANSACCION
Campo de control 20150128111628.0
008 - ELEMENTOS DE LONGITUD FIJA—INFORMACION GENERAL
Campo de control 110525s2010 ck ab gr f00010 spa d
020 ## - ISBN
ISBN 9789588491356
040 ## - FUENTE DE CATALOGACIÓN
Agencia catalogadora original CO-BoIAVH
Agencia transcriptora CO-BoIAVH
041 ## - IDIOMA
Código de idioma para texto/pista de sonido o título separado Español
044 ## - PAÍS DE PUBLICACIÓN
País de publicación Colombia
082 04 - NUMERO DE CLASIFICACION DECIMAL DEWEY
Número de clasificación 333.91
Número del ítem C718p
110 1# - ASIENTO PRINCIPAL--NOMBRE CORPORATIVO
Nombre corporativo o de jurisdicción como elemento de entrada Colombia.
Unidad subordinad Ministerio de Ambiente, Vivienda y Desarrollo Territorial.
245 10 - MENCION DE TITULO
Título Política nacional para la gestión integral del recurso hídrico /
Mención de responsabilidad Ministerio de Ambiente, Vivienda y Desarrollo Territorial.
260 ## - PUBLICACION, DISTRIBUCION, ETC. (PIE DE IMPRENTA)
Lugar de publicación, distribución, etc. Bogotá :
Nombre del editor, distribuidor, etc. Ministerio de Ambiente,
Fecha de publicación, distribución, etc. 2010.
300 ## - DESCRIPCION FISICA
Extensión 127 p. :
Otros detalles físicos il., mapas ;
Dimensiones 28 cm.
650 #4 - ASIENTO SECUNDARIO DE MATERIA - TERMINO TEMATICO
Término temático o nombre geográfico como elemento de entrada Utilización del agua
Subdivisión geográfica Colombia.
650 #4 - ASIENTO SECUNDARIO DE MATERIA - TERMINO TEMATICO
Término temático o nombre geográfico como elemento de entrada Conservación del agua
Subdivisión general Planificación
Subdivisión geográfica Colombia.
650 #4 - ASIENTO SECUNDARIO DE MATERIA - TERMINO TEMATICO
Término temático o nombre geográfico como elemento de entrada Recursos hídricos
Subdivisión general Protección
Subdivisión geográfica Colombia.
650 #4 - ASIENTO SECUNDARIO DE MATERIA - TERMINO TEMATICO
Término temático o nombre geográfico como elemento de entrada Gestión ambiental
Subdivisión geográfica Colombia.
942 ## - ELEMENTOS ADICIONALES (KOHA)
Sistema de clasificación Dewey Decimal Classification
Tipo de ítem Impreso
Koha issues (borrowed), all copies 1
Existencias
Withdrawn status Lost status Sistema de Clasificación Damaged status No para préstamo Colección Inventariado Ubicación Permanente Ubicación actual Fecha de adquisición Fuente de Valor Valor Total Checkouts Número topográfico Inventario / Código de Barras Date last seen Ejemplar Price effective from Forma de adquisición Tipo de material Date checked out
    Dewey Decimal Classification     General Inventariado 2017 Bogotá Bogotá 16/08/2013 Instituto 39000.00   LB-333.91 C718p 058392 16/08/2013 Ej. 1 16/08/2013   Libro  
    Local     Audiovisual   Bogotá Bogotá 21/11/2013       LB 333.91 C718p 058606 21/11/2013 Ej. 2 21/11/2013   CD-ROM  
    Local     Audiovisual   Bogotá Bogotá 21/11/2013     1 LB 333.91 C718p 058607 04/08/2015 Ej. 3 21/11/2013   CD-ROM 03/04/2014
    Dewey Decimal Classification     General Inventariado 2017 Sala Fabio Quevedo Sala Fabio Quevedo 23/04/2015 Instituto 39000.00   LB-333.91 C718p 039016 23/04/2015 Ej. 2 23/04/2015   Libro